000 01022nam a2200241 a 4500
001 78671
003 BD-RjUL
005 20211209083147.0
008 211031s20011377ir ||||| |||| 00| 0 per d
035 _a(BD-RjUL)78897
040 _aBD-RjUL
_beng
_cBD-RjUL
041 _aper
082 _223
_a891.551109
_bFIK 2001
100 _a ;; Firdausī.; ʻAzīzallāh juwainī
_9249477
245 _a كتاب حكيم ابوالقاسم فردوسي شاهنامه ;; kitabu Hakim Abul Qasem Ferdowsi Shahnameh/
_cجوينى، عزيز الله. بقلم عزيز الله Firdawsī.; ʻAzīz Allāh Juvaynī
260 _aTihrān :
_b دانشگاه تهران، Tihrān : Muʼassasah-ʼi Intishārāt va Chāp-i Dānishgāh-i Tihrān,
_c1913
300 _av. ;
490 _aDānišgāh <Tihrān>., Intišārāt-i Dānišgāh-i Tihrān ;
_v, 2402.
505 _aVol.2.--
650 _aFirdawsī
_vShāhnāmah
_x Criticism and interpretation.
_9249478
650 _aShāhnāmah (Firdawsī)
_9249479
942 _2ddc
_cBK
999 _c78671
_d78671